00382cam a22000977a 4500008004000000082001800040245010300058260005600161300000900217700005800226180718b1971 xxu||||| |||| 00| 0 eng d aO246x5453 K45 aSterilisations in Kerala (1968-69) an appraisalcby Bureau jof Economics & Statistics Kerala State aTrivandrumbBureau jof Economics & Statisticsc1971 a12p. aIndia. Bureau jof Economics & Statistics Kerala State